| 000 | 00518nam a2200205Ia 4500 | ||
|---|---|---|---|
| 008 | 171025s9999 xx 000 0 und d | ||
| 020 | _a9781857597240 | ||
| 050 | _a920 | ||
| 050 | _bW683 2011 | ||
| 100 | _aWilkinson, James | ||
| 245 | 4 | _aThe royal wedding : | |
| 245 | _bthe official westminster abbey souvenir / | ||
| 245 | _cby James Wilkinson. | ||
| 260 | _aLondon : | ||
| 260 | _bScala Publishers, | ||
| 260 | _c2011 | ||
| 300 | _a40 pages : | ||
| 300 | _bcolored illustrations ; | ||
| 300 | _c27cm. | ||
| 999 |
_c344812 _d344812 |
||